00233nam a2200097Ia 4500008004100000100001900041245002400060250001200084260003100096300000800127190216s9999||||xx |||||||||||||| ||und|| aSuseela Guptha 0aBhool Chal Ki Hindi a1st Ed. bLokabarathi Prakasanc2009 a104